[Event "FRA-chT U20 0203"]
[Site "Clichy"]
[Date "2003.05.03"]
[Round "9.6"]
[White "Chretien, Antonin"]
[Black "Fortin, Marie"]
[Result "1-0"]
[WhiteElo "1510"]
[BlackElo "1390"]
[PlyCount "41"]
[EventDate "2002.12.??"]
[EventType "team"]
[EventRounds "11"]
[EventCountry "FRA"]
[SourceTitle "EXT 2004"]
[Source "ChessBase"]
[SourceDate "2003.11.25"]
[SourceVersion "1"]
[SourceVersionDate "2003.11.25"]
[SourceQuality "1"]
[WhiteTeam "Nancy"]
[BlackTeam "Pau"]
[WhiteTeamCountry "FRA"]
[BlackTeamCountry "FRA"]

1. e4 e5 2. Nc3 Nf6 3. Bc4 Nc6 4. d3 Be7 5. f4 d6 6. Nf3 Bg4 7. h3 Bh5 8. g4 Bg6 9. f5 h5 10. fxg6 hxg4 11. gxf7+ Kf8 12. Ng5 d5 13. Ne6+ Kxf7 14. Nxd8+ Raxd8 15. Nxd5 gxh3 16. Nxc7+ Kg6 17. Rg1+ Kh7 18. Ne6 Ne8 19. Qh5+ Kg8 20. Nxd8+ Kf8 21. Qxh8# 1-0

[Event "FRA-chT U20 0203"]
[Site "Clichy"]
[Date "2003.05.03"]
[Round "10.6"]
[White "Fortin, Marie"]
[Black "Perusseau, Clement"]
[Result "1/2-1/2"]
[WhiteElo "1390"]
[BlackElo "1360"]
[PlyCount "64"]
[EventDate "2002.12.??"]
[EventType "team"]
[EventRounds "11"]
[EventCountry "FRA"]
[SourceTitle "EXT 2004"]
[Source "ChessBase"]
[SourceDate "2003.11.25"]
[SourceVersion "1"]
[SourceVersionDate "2003.11.25"]
[SourceQuality "1"]
[WhiteTeam "Pau"]
[BlackTeam "Neuilly"]
[WhiteTeamCountry "FRA"]
[BlackTeamCountry "FRA"]

1. e4 e5 2. Nf3 Nc6 3. Bc4 Nf6 4. d3 Be7 5. Nc3 d6 6. Be3 Bg4 7. h3 Bh5 8. 0-0 Nd4 9. Bxd4 exd4 10. Nd5 Nxd5 11. exd5 Qd7 12. Qe2 0-0 13. Qe4 Bg6 14. Qxd4 Bf6 15. Qf4 Bxb2 16. Rab1 Bf6 17. Rxb7 Rfc8 18. Rfb1 Qe8 19. Bb5 Qd8 20. Qb4 Rcb8 21. Bc6 Rxb7 22. Qxb7 Rc8 23. Qxa7 Bh5 24. Nd2 Qe7 25. a4 Qe2 26. Nc4 Qxc2 27. Rb8 Rd8 28. Rxd8+ Bxd8 29. Qb8 Qc1+ 30. Kh2 Qf4+ 31. Kh1 Qc1+ 32. Kh2 Qf4+ 1/2-1/2

[Event "FRA-ch U12 Girls"]
[Site "Le Grand Bornand"]
[Date "2003.??.??"]
[Round "2.5"]
[White "Fortin, Marie"]
[Black "Garma, Jovanka"]
[Result "0-1"]
[WhiteElo "1390"]
[BlackElo "1580"]
[PlyCount "36"]
[EventDate "2003.??.??"]
[EventType "swiss"]
[EventRounds "9"]
[EventCountry "FRA"]
[SourceTitle "EXT 2004"]
[Source "ChessBase"]
[SourceDate "2003.11.25"]
[SourceVersion "1"]
[SourceVersionDate "2003.11.25"]
[SourceQuality "1"]

1. e4 e5 2. Nf3 Nc6 3. Bc4 Bc5 4. d3 Nf6 5. Nc3 h6 6. Be3 Bb6 7. Qe2 d6 8. 0-0-0 Bd7 9. d4 Bg4 10. h3 exd4 11. Bxd4 Bxf3 12. Qxf3 Nxd4 13. Qf4 Nc6 14. Nd5 Ne5 15. Bb3 Nxd5 16. Bxd5 Qg5 17. Qd2 Bxf2 18. Rhf1 Be3 0-1